Сладкая соль: пакистанские сказки; для среднего возраста; пер. с англ. и урду

Bibliografiska uppgifter
Övriga upphovsmän: Сухочев А. (автор предисловия), Гольц Н. Г. (иллюстратор)
Språk:ryska
Publicerad: Москва, Детская литература, 1991
Ämnen:
Materialtyp: Bok
KOHA link:https://koha.lib.tpu.ru/cgi-bin/koha/opac-detail.pl?biblionumber=156404

MARC

LEADER 00000nam0a2200000 4500
001 156404
005 20231031153120.0
010 |a 5080014105 
020 |a RU  |b 91-13822 
035 |a (RuTPU)RU\TPU\book\169644 
090 |a 156404 
100 |a 20090326d1991 d y0rusy5003 ca 
101 1 |a rus  |c eng 
102 |a RU 
105 |a a z 000ay 
200 1 |a Сладкая соль  |e пакистанские сказки  |e для среднего возраста  |e пер. с англ. и урду  |f авт. предисл. А. Сухочев ; худож. Н. Г. Гольц 
210 |a Москва  |c Детская литература  |d 1991 
215 |a 175 с.  |c ил.  |d 23 см 
610 1 |a Сказки народов Пакистана 
610 1 |a детская литература 
675 |a 82  |z rus 
702 1 |a Сухочев  |b А.  |4 080 
702 1 |a Гольц  |b Н. Г.  |4 440 
801 0 |a RU  |b RuMRKP  |c 19950417  |g psbo 
801 1 |a RU  |b 63413507  |c 20090326  |g PSBO 
801 2 |a RU  |b 63413507  |c 20090326  |g PSBO 
942 |c BK